Statistics for Organs of the Body

Click here to take the quiz!

General Stats

  • This quiz has been taken 5,004 times
    (2,036 since last reset)
  • The average score is 18 of 20

Answer Stats

Hint Organ % Correct
A muscular organ responsible for pumping blood around the circulatory system.Heart
99%
The largest organ - covers the body.Skin
98%
Responsible for smell and breathing.Nose
98%
A pair of organs containing alveoli which inflate and draw in air for respiration.Lungs
98%
A pair of organs that permit sight.Eyes
98%
The opening to the digestive system, containing the teeth and the tongue.Mouth
97%
The organs responsible for hearing and balance.Ears
96%
This organ is the main site of digestion, containing hydrochloric acid.Stomach
96%
The largest internal organ responsible for secreting bile and detoxifying blood.Liver
94%
The male sex organ which is also used for urination.Penis
93%
An organ made up of nervous tissue responsible for memory and control over the body.Brain
92%
An organ in the female body where a child is conceived and gestates prior to birth.Womb
88%
A pair of organs that excrete urine to the above. Humans are able to live with just one.Kidneys
88%
A sac in the abdomen which stores urine for excretion.Bladder
87%
Part of the intestine made up of the caecum, colon and rectum.Large Intestine
85%
Part of the intestine made up of the duodenum, jejunum and ileum.Small Intestine
84%
The female reproductive organs where eggs are produced before ovulation.Ovaries
79%
An organ that secretes enzymes and manufactures hormones.Pancreas
76%
A hollow organ forming an air passage to the lungs. This organ is how we can make sound.Larynx
68%
An abdominal organ responsible for producing white blood cells and removing red blood cells.Spleen
62%

Score Distribution

Percentile by Number Answered

Percent of People with Each Score

Your Score History

You have not taken this quiz since the last reset